[Event "FICGS W-ch final email"]
[Site "FICGS email"]
[Date "2022.11.05"]
[Round "1"]
[White "Cirulis, Ilmars"]
[Black "Fric, Lubos"]
[Result "1/2-1/2"]
[WhiteElo "2241"]
[BlackElo "2327"]
[PlyCount "45"]
[EventDate "2022.??.??"]
[EventType "tourn (corr)"]
[EventRounds "6"]
[EventCategory "5"]
[SourceTitle "Corr 2024"]
[Source "ChessBase"]
[SourceDate "2023.10.19"]
[SourceVersion "1"]
[SourceVersionDate "2023.10.19"]
[SourceQuality "1"]

1. e3 Nf6 2. Nf3 d5 3. c4 e6 4. Nc3 Bd6 5. b3 0-0 6. Bb2 c6 7. d4 Nbd7 8. Be2 b6 9. 0-0 Re8 10. Qc2 Bb7 11. Rad1 Qc7 12. a4 Rac8 13. a5 Bb4 14. axb6 axb6 15. Ra1 h6 16. h3 Ra8 17. Bd3 Rxa1 18. Rxa1 Ra8 19. Rxa8+ Bxa8 20. cxd5 cxd5 21. Na2 Qxc2 22. Bxc2 Be7 23. Bd3 1/2-1/2

[Event "FICGS W-ch st2 g02 email"]
[Site "FICGS email"]
[Date "2021.07.13"]
[Round "1"]
[White "Pech, Jaroslav Sr"]
[Black "Fric, Lubos"]
[Result "0-1"]
[WhiteElo "2082"]
[BlackElo "2320"]
[PlyCount "50"]
[EventDate "2021.??.??"]
[EventType "tourn (corr)"]
[EventRounds "8"]
[SourceTitle "Corr 2024"]
[Source "ChessBase"]
[SourceDate "2023.10.19"]
[SourceVersion "1"]
[SourceVersionDate "2023.10.19"]
[SourceQuality "1"]

1. e4 e5 2. Nf3 d6 3. d4 exd4 4. Nxd4 Nf6 5. Nc3 Be7 6. Be2 0-0 7. 0-0 Re8 8. f4 c5 9. Nf3 Nc6 10. Re1 a6 11. a4 h6 12. Bc4 Be6 13. b3 Nd7 14. Bxe6 fxe6 15. Ne2 Bf8 16. c4 Rb8 17. Bb2 Qe7 18. Qd2 b5 19. cxb5 axb5 20. axb5 Rxb5 21. f5 Rxb3 22. Nf4 Reb8 23. Bc3 exf5 24. exf5 Qf7 25. Rf1 Qxf5 0-1

[Event "FICGS W-ch final email"]
[Site "FICGS email"]
[Date "2020.11.06"]
[Round "1"]
[White "Ludgate, Alan"]
[Black "Fric, Lubos"]
[Result "1/2-1/2"]
[WhiteElo "2404"]
[BlackElo "2308"]
[PlyCount "45"]
[EventDate "2020.??.??"]
[EventType "tourn (corr)"]
[EventRounds "6"]
[EventCategory "5"]
[SourceTitle "Corr 2022"]
[Source "ChessBase"]
[SourceDate "2021.10.24"]
[SourceVersion "1"]
[SourceVersionDate "2021.10.24"]
[SourceQuality "1"]

1. d4 d5 2. Bf4 Nf6 3. e3 e6 4. Nf3 c5 5. c3 Nc6 6. Nbd2 cxd4 7. exd4 Nh5 8. Be3 Bd6 9. Ne5 g6 10. g4 Ng7 11. h4 Nxe5 12. dxe5 Bxe5 13. Nf3 Bf6 14. g5 Be7 15. Bd4 0-0 16. Bd3 Nf5 17. Bxf5 exf5 18. Qd2 f4 19. 0-0-0 Qc7 20. Be5 Qc4 21. Qxd5 Qxd5 22. Rxd5 Be6 23. Rd2 1/2-1/2

[Event "FICGS W-ch st1 gM 01 email"]
[Site "FICGS email"]
[Date "2020.11.05"]
[Round "1"]
[White "Fric, Lubos"]
[Black "Walton, John"]
[Result "1/2-1/2"]
[WhiteElo "2308"]
[BlackElo "2281"]
[PlyCount "83"]
[EventDate "2020.??.??"]
[EventType "tourn (corr)"]
[EventRounds "6"]
[EventCategory "1"]
[SourceTitle "Corr 2022"]
[Source "ChessBase"]
[SourceDate "2021.10.24"]
[SourceVersion "1"]
[SourceVersionDate "2021.10.24"]
[SourceQuality "1"]

1. Nf3 Nf6 2. g3 d5 3. Bg2 c6 4. 0-0 Bg4 5. h3 Bxf3 6. Bxf3 e5 7. d4 Nbd7 8. c4 dxc4 9. Nd2 exd4 10. Nxc4 Nc5 11. Bf4 Be7 12. Be5 Ne6 13. Qb3 Nc5 14. Qc2 d3 15. exd3 Qxd3 16. Qxd3 Nxd3 17. Bd4 0-0-0 18. Bxa7 Bc5 19. Bxc5 Nxc5 20. b4 Nd3 21. b5 cxb5 22. Na5 Rd7 23. Rab1 b6 24. Nc6 Re8 25. Rxb5 Kc7 26. Nb4 Re6 27. Nxd3 Rxd3 28. Rf5 Re7 29. Rc1+ Kd8 30. Rf4 Ra3 31. Rc2 Rea7 32. Rd4+ Rd7 33. Rxd7+ Kxd7 34. Kg2 h6 35. Be2 Ne4 36. Bc4 Ng5 37. Bb3 Ne6 38. h4 Ra5 39. Rc4 g6 40. Rb4 Kc6 41. Rc4+ Kd6 42. Rb4 1/2-1/2

[Event "FICGS W-ch st2 g03 email"]
[Site "FICGS email"]
[Date "2020.10.07"]
[Round "1"]
[White "Fric, Lubos"]
[Black "Schroeder, Christoph"]
[Result "1/2-1/2"]
[WhiteElo "2276"]
[BlackElo "2264"]
[PlyCount "62"]
[EventDate "2020.??.??"]
[EventType "tourn (corr)"]
[EventRounds "8"]
[SourceTitle "Corr 2022"]
[Source "ChessBase"]
[SourceDate "2021.10.24"]
[SourceVersion "1"]
[SourceVersionDate "2021.10.24"]
[SourceQuality "1"]

1. Nf3 d5 2. g3 Nf6 3. Bg2 e6 4. 0-0 Be7 5. c4 0-0 6. d4 dxc4 7. Qc2 a6 8. a4 Bd7 9. Qxc4 Bc6 10. Bf4 Bd6 11. Bg5 Nbd7 12. Nbd2 h6 13. Bxf6 Nxf6 14. Rfc1 Qe7 15. Qc2 Rfe8 16. e4 e5 17. Re1 Rad8 18. Re2 Nh7 19. dxe5 Bxe5 20. Nc4 Bd6 21. Nd4 Bd7 22. Nxd6 Qxd6 23. Qc3 c5 24. Nb3 b6 25. Rd2 Qc7 26. a5 c4 27. axb6 Qxb6 28. Nd4 Ng5 29. Rad1 Bg4 30. Nf5 Bxf5 31. exf5 Rxd2 1/2-1/2